Statistics for Countries Ending with IA - One Minute Sprint

Click here to take the quiz!

General Stats

  • This quiz has been taken 70 times
  • The average score is 173 of 196

Answers on the Map

Answers color-coded by a green-red scale on the quiz's map according to % correct below.
 

Answer Stats

country% Correct
x
100%
Colombia
68%
Russia
68%
Algeria
66%
Albania
63%
Bolivia
63%
Indonesia
59%
Namibia
57%
Australia
55%
India
55%
Austria
54%
Zambia
54%
Mauritania
52%
Nigeria
52%
Slovakia
52%
Slovenia
52%
Mongolia
50%
Saudi Arabia
48%
Malaysia
46%
Serbia
46%
Tanzania
46%
Bulgaria
41%
Croatia
38%
Ethiopia
38%
Romania
38%
Armenia
36%
Lithuania
34%
Latvia
32%
Gambia
30%
Somalia
27%
Czechia
25%
Cambodia
23%
Estonia
23%
Macedonia
23%
Syria
20%
Tunisia
20%
Georgia
16%
Liberia
16%
Micronesia
14%
Saint Lucia
5%

Score Distribution

Percentile by Number Answered

Percent of People with Each Score

Your Score History

You have not taken this quiz